| 000 | 00564nam a22002057a 4500 | ||
|---|---|---|---|
| 003 | SISC | ||
| 005 | 20160226082216.0 | ||
| 008 | 130824t xxu||||| |||| 00| 0 eng d | ||
| 020 | _a9780439175395 | ||
| 050 |
_aQA 135.5 _b.L477 2000 |
||
| 082 |
_aHS 510 _bL479 2000 |
||
| 100 |
_aLee, Martin _9194 |
||
| 245 |
_a5-minute Math problem of the day / _cMartin Lee, Marcia Miller |
||
| 260 |
_aBroadway, NY : _b Scholastic Inc, _c2000. |
||
| 300 |
_a63 p. : _bill. ; _c28 cm. |
||
| 562 | _e1 | ||
| 600 |
_aMiller, Marcia _9191 |
||
| 942 |
_2lcc _cBK |
||
| 999 |
_c9411 _d9411 |
||